000 00358nam a22001457a 4500
008 210311b ||||| |||| 00| 0 eng d
020 _a188948203X
041 _aeng
080 _22nd
_a330.101.541
082 _a330.101.541
100 _a52
101 _aMAKRO
245 _aNational Directory for Community Economic Development
_cNCCED
942 _2udc
_cBK
999 _c56417
_d56417